<?xml version="1.0" encoding="UTF-8"?>
<collection xmlns="http://www.loc.gov/MARC21/slim">
 <record>
  <leader>00557nam a22001695a 4500</leader>
  <controlfield tag="001">EHU.bham004175</controlfield>
  <controlfield tag="003">AR-BHAM</controlfield>
  <controlfield tag="005">20080103122744.0</controlfield>
  <controlfield tag="008">130507s1974##################000#0#####d</controlfield>
  <datafield tag="082" ind1="5" ind2="7">
   <subfield code="a">571</subfield>
  </datafield>
  <datafield tag="100" ind1="1" ind2=" ">
   <subfield code="a">Austral, Antonio G.</subfield>
  </datafield>
  <datafield tag="245" ind1="1" ind2="0">
   <subfield code="a">Consideraciones en torno a los hechos arqueologicos /</subfield>
   <subfield code="c">Antonio G. Austral.</subfield>
  </datafield>
  <datafield tag="260" ind1=" " ind2=" ">
   <subfield code="a">Barcelona :</subfield>
   <subfield code="b">Miscelanea Arqueologica. Diputacion. Inst.de Prehist. Y Arqu.,</subfield>
   <subfield code="c">1974</subfield>
  </datafield>
  <datafield tag="300" ind1=" " ind2=" ">
   <subfield code="a">18 p.</subfield>
  </datafield>
  <datafield tag="490" ind1="0" ind2=" ">
   <subfield code="a">Sep. Tomo I</subfield>
  </datafield>
  <datafield tag="653" ind1=" " ind2=" ">
   <subfield code="a">Arqueologia</subfield>
  </datafield>
  <datafield tag="859" ind1=" " ind2=" ">
   <subfield code="a">AR-BHAM</subfield>
   <subfield code="b">BIB. HUMANIDADES - General</subfield>
   <subfield code="h">571</subfield>
   <subfield code="i">Au78-4</subfield>
   <subfield code="p">164.74</subfield>
   <subfield code="t">Ej.1</subfield>
  </datafield>
 </record>
</collection>
